004700000a2200145000450024500670000050000350006765000170010265000210011965000210014065000270016165100380018804100130022610000190023977300660025810aInfluence of wind and windbreaks on local dispersal of insects aColección uso y valoración14aCercas vivas14aPaisajes rurales14aMovilidad animal14aEcología de insectos 4lGrandes planiciespEstados Unidos0 aInglés1 aPasek, Julieth1 tAgriculture, Ecosystems and Environmenth22-23q539-554d1988